|
|
|
|
| LEADER |
00000nab a2200000 ar4500 |
| 001 |
vtls009358776 |
| 003 |
SK-MaSNL |
| 005 |
20260318121729.0 |
| 008 |
081107c20081027xo |||||||| 000 b|hun |
| 015 |
|
|
|a SNBRB2008/11
|2 snkbucl
|
| 038 |
|
|
|a SNKBUCL
|
| 040 |
|
|
|a DSZK
|b slo
|c DSZK
|e AACR2
|
| 041 |
0 |
|
|a hun
|
| 044 |
|
|
|a xo
|c SK
|
| 080 |
|
|
|a 323.113
|x (=162.4)
|x (439)
|x (497.1)
|2 1997
|
| 080 |
|
|
|a 316.022.4
|x (=162.4)
|x (439)
|x (497.1)
|2 1997
|
| 080 |
|
|
|a 371
|x (=162.4)
|x (439)
|x (497.1)
|2 1997
|
| 080 |
|
|
|a 371.671
|2 1997
|
| 080 |
|
|
|a 81`373.21
|2 1997
|
| 245 |
0 |
0 |
|a Hibrid könyvek nélkül a külhoni szlovákok
|b nemcsak Magyarországon, hanem Szerbiában is csak a kisebbség nyelvén tüntetik fel a földrajzi neveket
|c [szerző] (MSz)
|
| 650 |
0 |
7 |
|a Slováci v zahraničí
|2 snkbucl
|9 14695
|
| 650 |
0 |
7 |
|a národnostné školstvo
|2 snkbucl
|9 71418
|
| 650 |
0 |
7 |
|a učebnice
|2 snkbucl
|9 74147
|
| 650 |
0 |
7 |
|a toponymá
|2 snkbucl
|9 90084
|
| 651 |
|
7 |
|a Maďarsko
|2 snkbucl
|9 16754
|
| 651 |
|
7 |
|a Srbsko
|2 snkbucl
|9 31535
|
| 773 |
0 |
|
|t Új szó
|g Évf. 61, sz. 249 (27.10.2008), o. 1
|x 1335-7050
|
| 852 |
|
|
|a SNK
|b KIS3GCP
|
| 852 |
|
|
|a DSZK
|b KIS3GCP
|
| 958 |
|
|
|a HU
|
| 958 |
|
|
|a SK
|
| 958 |
|
|
|a RS
|
| 999 |
|
|
|c 3161069
|d 3162999
|